[Event "IECC CL6-2006.08 email"]
[Site "IECC email"]
[Date "2006.06.21"]
[Round "?"]
[White "Liang, Wang Ko"]
[Black "Harper, Ryan"]
[Result "0-1"]
[WhiteElo "1300"]
[BlackElo "1382"]
[PlyCount "86"]
[EventDate "2006.??.??"]
[EventType "tourn (corr)"]
[EventRounds "4"]
[SourceTitle "Corr 2015"]
[Source "ChessBase"]
[SourceDate "2015.07.17"]
[SourceVersion "1"]
[SourceVersionDate "2015.07.17"]
[SourceQuality "1"]

1. e4 e5 2. Nf3 Nc6 3. Bb5 a6 4. Ba4 Nf6 5. 0-0 Be7 6. Nc3 d6 7. d4 b5 8. dxe5 bxa4 9. exf6 Bxf6 10. Nd5 Bd7 11. c3 Ne5 12. Nxe5 Bxe5 13. Be3 0-0 14. Qc2 Re8 15. Rfe1 Rb8 16. f4 Bf6 17. Rad1 Bh4 18. g3 Be7 19. f5 Qc8 20. c4 Qb7 21. Bd4 f6 22. Rd2 Bd8 23. Qd1 c6 24. Nc3 Ba5 25. Qxa4 Bxc3 26. Bxc3 Bxf5 27. Rxd6 Bxe4 28. Qd1 Qf7 29. b3 Re6 30. Rd7 Qg6 31. Qd2 Rbe8 32. Qf2 h5 33. Re3 h4 34. Bb4 h3 35. Re2 Bf5 36. Rxe6 Bxe6 37. Rd1 a5 38. Bxa5 Qh5 39. Qd2 Bg4 40. Rf1 Qc5+ 41. Kh1 Re3 42. Bb4 Qe5 43. Kg1 Be2 0-1